Doing Christian ethics : Context and Perspective (Record no. 23609)

MARC details
000 -LEADER
fixed length control field 00642cam a2200169 a 4500
082 ## - DEWEY DECIMAL CLASSIFICATION NUMBER
Classification number 241
Author Cutter MAB
245 00 - TITLE STATEMENT
Title Doing Christian ethics : Context and Perspective
260 ## - PUBLICATION, DISTRIBUTION, ETC. (IMPRINT)
Place of publication Bangalore :
Name of publisher Board of Theological Education of the Senate of Serampore College,
Year of publication 1996.
300 ## - PHYSICAL DESCRIPTION
Number of Pages x, 204 p. ;
520 ## - SUMMARY, ETC.
Summary, etc Papers presented at a workshop held at the United Theological College, Bangalore, 1-12 June 1993 under the auspices of the Board of Theological Education of the Senate of Serampore College.
650 #0 - SUBJECT ADDED ENTRY--TOPICAL TERM
Topical Term Christian ethics
650 #0 - SUBJECT ADDED ENTRY--TOPICAL TERM
Topical Term Theology
650 #0 - SUBJECT ADDED ENTRY--TOPICAL TERM
Topical Term Social ethics
942 ## - ADDED ENTRY ELEMENTS (KOHA)
Koha item type Books
700 1# -
-- Mabry, Hunter P.
Holdings
Home library Current library Shelving location Date acquired Source of acquisition Full call number Accession Number Koha item type
Henry Martyn Institute Library Henry Martyn Institute Library General stacks 10/06/2025 Director 241 MAB 24889 Books
                   Copyright © 2026 | Henry Martyn Institute | Hyderabad | TS-500052 | INDIA | Implemented by hmi.edu.in
Hit-Count:

Powered by Koha